000 00892nam a2200205 i 4500
001 115668
003 ES-MaACL
005 20230906190528.0
007 t|
008 070425m19141920xxk ||||1| eng d
245 0 4 _aThe Times history of the war /
_c[The Times].
260 _aLondon :
_bThe Times,
_c[1914]-1921.
300 _a21 v. :
_bil. ;
_c29 cm.
500 _a21 volúmenes que se publicaron en entregas semanales entre el 25 de agosto de 1914 y el 27 de julio de 1920. Después en 1921 se publicó un volumen 22 de índices generales de la obra.
500 _aLas entregas 1-63 llevan por título: The Times history of the war. Las entregas 64-273: The Times history and encyclopaedia of the war.
650 1 4 _aGuerra mundial, 1914-1918.
_913212
730 4 _aThe Times.
_9135422
740 4 _aThe Times history and encyclopaedia of the war.
852 _aES-MaACL
_jC-1598-618
999 _c115668
_d115668